US Populous Cities 1840 Quiz Stats

 Plays Quiz not verified by Sporcle

Challenge
Share
Tweet
Embed
Score 0/100 Timer 10:00
0 Plays Today
Population City % Correct
312,710New York City
98.6%
93,383Boston
98.5%
102,313Baltimore
97.9%
93,665Philadelphia
97.8%
102,193New Orleans
97.4%
23,364Washington
96.8%
46,338Cincinnati
96.4%
21,115Pittsburgh
96.1%
33,721Albany
95.1%
18,213Buffalo
94%
6,071Cleveland
93.8%
23,171Providence
93.4%
29,261Charleston
92.9%
20,153Richmond
91.4%
36,233Brooklyn
91%
21,210Louisville
89.9%
20,191Rochester
89.1%
17,290Newark
88.5%
16,469St. Louis
88.1%
9,468Hartford
87.8%
6,048Columbus
87.5%
15,218Portland
87.4%
9,102Detroit
86.5%
12,960New Haven
84.8%
10,920Norfolk
83.8%
5,980Harrisburg
83.5%
6,403Augusta
83.1%
5,314Augusta
83.1%
10,985Springfield
82.6%
6,997Lexington
82.3%
11,214Savannah
82.1%
7,497Worcester
81.5%
8,409Cambridge
80.1%
8,367Wilmington
79.5%
Population City % Correct
5,335Wilmington
79.5%
6,929Nashville
79%
12,672Mobile
78.9%
8,627Bangor
78.8%
20,796Lowell
78.6%
8,333Newport
78%
15,082Salem
77.5%
8,459Alexandria
77.5%
4,470Chicago
77.4%
4,897Concord
77.3%
6,067Dayton
75.6%
34,474Northern Liberties
74.3%
8,417Lancaster
73.1%
7,887Portsmouth
73%
6,477Portsmouth
73%
19,334Troy
72.9%
8,410Reading
72.9%
12,782Utica
72.8%
12,087New Bedford
72.4%
4,340Columbia
72.1%
7,312Georgetown
72%
6,738Fall River
70.4%
6,458Dover
70.1%
9,367Lynn
70%
10,089Allegheny
69%
27,548Southwark
68.4%
4,779York
67.1%
7,595Paterson
66.5%
6,784Schenectady
66.4%
27,849Spring Garden
65.6%
11,136Petersburg
65.1%
6,054Nashua
65.1%
5,519New London
64%
6,726Warwick
62.8%
Population City % Correct
11,484Charlestown
62.3%
6,350Gloucester
62.1%
5,182Frederick
61.6%
9,012Nantucket
61.3%
22,314Kensington
60.4%
7,161Newburyport
58.5%
6,395Lynchburg
58.5%
5,281Plymouth
57.6%
9,089Roxbury
56.5%
5,672Hudson
55.8%
7,645Taunton
55.5%
4,285Fayetteville
53.8%
14,573Moyamensing
53.3%
5,575Marblehead
52.6%
4,766Zanesville
51.8%
7,885Wheeling
51%
5,141Bath
49%
5,626Auburn
48.8%
4,865Easton
48.4%
5,085Middleborough
48.1%
4,875Dorchester
48%
4,226New Albany
47%
4,689Beverly
45.6%
4,247Steubenville
45.5%
4,351Carlisle
44.8%
5,020Danvers
43.9%
4,345Pottsville
42.3%
5,207Andover
41.6%
4,336Haverhill
40.6%
5,225Cumberland
37.9%
4,301Barnstable
37.1%
5,042Gardiner
35.6%

You're not logged in!

Compare scores with friends on all Sporcle quizzes.
Join for Free
OR
Log In

You Might Also Like...

Show Comments

Extras

Top Quizzes Today


Score Distribution

Your Account Isn't Verified!

In order to create a playlist on Sporcle, you need to verify the email address you used during registration. Go to your Sporcle Settings to finish the process.

Report this User

Report this user for behavior that violates our Community Guidelines.

Details: